000
00362nam a2200169Ia 4500
100
_a
Yanushkevich/Svetlana N
650
_a
Logic Design
942
_c
BK
366
_f
27
654
_a
logic design
245
_a
Intoduction to logic design
260
_b
CRC Press
_c
2008
082
_b
YAN
300
_a
692
546
_a
ENGLISH
_c
PAMPHALETS
999
_c
27723
_d
27723